Eight Potter Movie Characters Quiz Stats

 Plays Quiz not verified by Sporcle

Support Sporcle.
Go Orange.
Score 0/15 Timer 03:00
0 Plays Today
Answer % Correct
Harry Potter
89.7%
Ron Weasley
87.8%
Hermione Granger
87.5%
Draco Malfoy
83.7%
Severus Snape
81.7%
Neville Longbottom
79.7%
Rubeus Hagrid
79.5%
Albus Dumbledore
77.3%
Answer % Correct
Ginny Weasley
74.5%
Fred Weasley
73.5%
George Weasley
73%
Seamus Finnigan
42.2%
Gregory Goyle
37.1%
Peter Pettigrew
28.7%
Lily Potter
27%

You're not logged in!

Compare scores with friends on all Sporcle quizzes.
OR
Log In

From the Vault

Finish That Disney Insult

by JeluPotter25

Who knew Disney characters could be so rude?
Remove Ads.
Support Sporcle.
Get the best of Sporcle when you Go Orange. This ad-free experience offers more features, more stats, and more fun while also helping to support Sporcle. Thank you for becoming a member.

Show Comments

Extras

Top Quizzes Today


Score Distribution

Your Account Isn't Verified!

In order to create a playlist on Sporcle, you need to verify the email address you used during registration. Go to your Sporcle Settings to finish the process.

Report this User

Report this user for behavior that violates our Community Guidelines.

Details: